000 00329nam a2200121Ia 4500
008 180205s9999 xx 000 0 und d
020 _a9715740677
100 _aVillanueva, Perla M.
245 _aWriting skill for college /
250 _a2nd ed
260 _aMandaluyong City
_bKatha publishing
_c2003
300 _aiii, 217 pages
999 _c354702
_d354702